Chargement en cours...

Ikkiswin sadi ka bharat/

Détails bibliographiques
Auteur principal: Abdul kalam,A.P.J
Format: Printed Book
Publié: New Delhi: Rajpal And Sons, 1999.
LEADER 00361 a2200109 4500
100 |a Abdul kalam,A.P.J. 
245 |a Ikkiswin sadi ka bharat/  |c A.P.J. Abdul kalam 
260 |a New Delhi:  |b Rajpal And Sons,  |c 1999. 
300 |a 304p. 
942 |2 ddc  |c BK 
999 |c 237432  |d 237432 
952 |0 0  |1 0  |4 0  |7 0  |9 263672  |a HIN  |b HIN  |c ST1  |d 2011-06-03  |i 16525  |l 0  |p HIN16525  |r 2014-02-07  |w 2014-02-07  |y BK